Informe de Gestión 2012 (Registro nro. 8090)

Detalles MARC
000 -CABECERA
Campo de control 00554nmm a22001817a 4500
005 - FECHA Y HORA DE LA ULTIMA TRANSACCION
Campo de control 20140113100739.0
008 - ELEMENTOS DE LONGITUD FIJA—INFORMACION GENERAL
Campo de control 140113b2013 ck ||||| |||| 00| 0 spa d
041 ## - IDIOMA
Código de idioma para texto/pista de sonido o título separado Español
044 ## - PAÍS DE PUBLICACIÓN
País de publicación Colombia
090 ## - CLASIFICACIÓN LOCAL
Colección LB
Consecutivo LB-05886
110 ## - ASIENTO PRINCIPAL--NOMBRE CORPORATIVO
Nombre corporativo o de jurisdicción como elemento de entrada Instituto Geográfico Agustín Codazzi
245 ## - MENCION DE TITULO
Título Informe de Gestión 2012
250 ## - MENCION DE EDICION
Mención de edición Jefe de oficina :
Resto de la mención de edición Asesora de planeación
260 ## - PUBLICACION, DISTRIBUCION, ETC. (PIE DE IMPRENTA)
Lugar de publicación, distribución, etc. s.l.
Nombre del editor, distribuidor, etc. Instituto Geográfico Agustín Codazzi
Fecha de publicación, distribución, etc. 2013
300 ## - DESCRIPCION FISICA
Extensión 138 p.,
Otros detalles físicos il., mapas, tablas, gráficas,
Dimensiones 13 cm.
505 ## - NOTA DE CONTENIDO
Nota de contenido Incluye contenido
942 ## - ELEMENTOS ADICIONALES (KOHA)
Sistema de clasificación Local
Tipo de ítem CD-ROM
Existencias
Withdrawn status Lost status Sistema de Clasificación Damaged status No para préstamo Colección Ubicación Permanente Ubicación actual Fecha de adquisición Total Checkouts Número topográfico Inventario / Código de Barras Date last seen Ejemplar Price effective from Forma de adquisición Tipo de material
    Local     Audiovisual Bogotá Bogotá 13/01/2014   LB-05886 059572 13/01/2014 Ej. 1 13/01/2014   CD-ROM